Milan ka Intzar/ (Record no. 146087)

000 -LEADER
fixed length control field 00341nam a22001457a 4500
082 ## - DEWEY DECIMAL CLASSIFICATION NUMBER
Classification number H1
Item number SUM/M
100 ## - MAIN ENTRY--AUTHOR NAME
Personal name Sumit Dahiya
245 ## - TITLE STATEMENT
Title Milan ka Intzar/
Statement of responsibility, etc by Sumit Dahiya
260 ## - PUBLICATION, DISTRIBUTION, ETC. (IMPRINT)
Place of publication Delhi:
Name of publisher Advait Prakashan,
Year of publication 2018.
300 ## - PHYSICAL DESCRIPTION
Number of Pages 240p.
650 ## - SUBJECT ADDED ENTRY--TOPICAL TERM
Topical Term Poetry Hindi
650 ## - SUBJECT ADDED ENTRY--TOPICAL TERM
Topical Term Literature Hindi
650 ## - SUBJECT ADDED ENTRY--TOPICAL TERM
Topical Term Literature
942 ## - ADDED ENTRY ELEMENTS (KOHA)
Koha item type Book
Holdings
Withdrawn status Lost status Damaged status Not for loan Permanent Location Current Location Shelving location Date acquired Cost, normal purchase price Full call number Accession Number Price effective from Koha item type
        Sree Sankaracharya University of Sanskrit Sree Sankaracharya University of Sanskrit Stacks 01.03.2021 400.00 H1 SUM/M 102013 01.03.2021 Book